| 000 | 00616nmm a2200229 a 4500 | ||
|---|---|---|---|
| 003 | AR-BaBNM | ||
| 005 | 20251128204309.0 | ||
| 008 | 127119s1983 ||||||||||||||000 | spa|| | ||
| 040 | _cAR-BaBNM | ||
| 100 | 1 | _aVela, Rubén | |
| 245 | 1 | 0 |
_aCrecer en libertad _bfragmentos americanos : poemas |
| 260 |
_aBarcelona _bEdiciones Rondas _c1983 |
||
| 300 |
_a32 p. _bil. |
||
| 500 | _aSeparata del "Cuaderno literario Azor" N° xxxIx | ||
| 650 | 4 | _aLITERATURA ARGENTINA | |
| 650 | 4 | _aPOESIA | |
| 650 | 4 | _aANTOLOGIAS | |
| 650 | 4 | _aLITERATURA CONTEMPORANEA | |
| 655 | _aLITERATURA | ||
| 942 | _cBK | ||
| 998 | _cMARTIN | ||
| 999 |
_c6917 _d6917 |
||